Tratado de Electricidad y Magnetismo (Record no. 103855)

MARC details
000 -LEADER
campo de control de longitud fija 00722nam a2200181 i 4500
001 - NÚMERO DE CONTROL
campo de control 103855
003 - IDENTIFICADOR DE NÚMERO DE CONTROL
campo de control ES-MaACL
005 - FECHA Y HORA DE LA ÚLTIMA TRANSACCIÓN
campo de control 20230906183446.0
007 - CAMPO FIJO DE DESCRIPCIÓN FÍSICA--INFORMACIÓN GENERAL
campo de control de longitud fija t|
008 - DATOS DE LONGITUD FIJA--INFORMACIÓN GENERAL
campo de control de longitud fija 051118s1944 sp ||||1| spa d
100 1# - ENTRADA PRINCIPAL--NOMBRE DE PERSONA
Nombre de persona Mie, Gustav.
9 (RLIN) 80954
245 10 - MENCIÓN DEL TÍTULO
Título Tratado de Electricidad y Magnetismo
Resto del título : curso de Física del éter, para físicos, químicos y electrotécnicos /
Mención de responsabilidad, etc. por el Prof. Gustavo Mie; traducción de la segunda edición alemana, por José María Vidal Llenas y Mercedes Jotan de Vidal...
260 ## - PUBLICACIÓN, DISTRIBUCIÓN, ETC.
Lugar de publicación, distribución, etc. Barcelona :
Nombre del editor, distribuidor, etc. Marin,
Fecha de publicación, distribución, etc. 1944.
300 ## - DESCRIPCIÓN FÍSICA
Extensión XXII, 560 p. ;
Dimensiones 26 cm.
700 1# - ENTRADA AGREGADA--NOMBRE PERSONAL
Nombre de persona Vidal Llenas, José María.
9 (RLIN) 114499
700 1# - ENTRADA AGREGADA--NOMBRE PERSONAL
Nombre de persona Jotan de Vidal, Mercedes.
9 (RLIN) 67008
852 ## - LOCALIZACIÓN
Ubicación ES-MaACL
Número de control de estantería F-15954
Sublocalización o colección R.20686
Holdings
Estatus retirado Estado de pérdida Estado de daño No para préstamo Biblioteca de origen Biblioteca actual Ubicación en estantería Fecha de adquisición Fuente de adquisición Total de préstamos Signatura topográfica completa Código de barras Visto por última vez Precio de reemplazo Tipo de ítem Koha
        Biblioteca del Ateneo de Madrid Biblioteca del Ateneo de Madrid Sala Pecera Planta 2 17/01/2008     F-15954 1108429 23/02/2023 23/02/2023 Libro impreso